Challenging puzzles (Record no. 85147)
[ view plain ]
| 000 -LEADER | |
|---|---|
| fixed length control field | 00482nam a2200193Ia 4500 |
| 008 - FIXED-LENGTH DATA ELEMENTS--GENERAL INFORMATION | |
| fixed length control field | 230125s9999 xx 000 0 und d |
| 020 ## - INTERNATIONAL STANDARD BOOK NUMBER | |
| International Standard Book Number | 81-7245-090-7 |
| 041 ## - LANGUAGE CODE | |
| Language code of text/sound track or separate title | eng |
| 082 ## - DEWEY DECIMAL CLASSIFICATION NUMBER | |
| Classification number | 153.94 |
| Item number | SET |
| 100 ## - MAIN ENTRY--PERSONAL NAME | |
| Personal name | Sethi M R |
| 9 (RLIN) | 108307 |
| 245 ## - TITLE STATEMENT | |
| Title | Challenging puzzles |
| 260 ## - PUBLICATION, DISTRIBUTION, ETC. (IMPRINT) | |
| Date of publication, distribution, etc. | 2001 |
| Name of publisher, distributor, etc. | Abhishek publication |
| Place of publication, distribution, etc. | Chandigarh |
| 300 ## - PHYSICAL DESCRIPTION | |
| Extent | 173p |
| 500 ## - GENERAL NOTE | |
| Keywords | Puzzels;Aptitude Tests |
| 650 ## - SUBJECT ADDED ENTRY--TOPICAL TERM | |
| Topical term or geographic name as entry element | Aptitude tests |
| 700 ## - ADDED ENTRY--PERSONAL NAME | |
| Personal name | Sethi M R |
| 9 (RLIN) | 108307 |
| 906 ## - LOCAL DATA ELEMENT F, LDF (RLIN) | |
| b | 44 |
| Withdrawn status | Lost status | Damaged status | Not for loan | Home library | Current library | Date acquired | Vendor | Cost, normal purchase price | Total Checkouts | Full call number | Barcode | Date last seen | Cost, replacement price | Bill Date | Koha item type | Original Barcode |
|---|---|---|---|---|---|---|---|---|---|---|---|---|---|---|---|---|
| Smt. Hiraben Nanavati Institute of Management & Research for Women | Smt. Hiraben Nanavati Institute of Management & Research for Women | 24/11/2001 | Varma Book Distributor | 295.00 | 153.94 SET B02749 | HIMR-BK-2749 | 25/01/2023 | 251.00 | 11/08/2001 | Books | B02749 |